000 00430pam a2200157a 44500
008 230515b1911 xxu||||| |||| 00| 0 eng d
020 _aNULL
041 _aSANSKRIT
082 _a1
100 _aJOSHI
245 _aAYUCHDE KIVA SHATRPRAYOG YAVACUN ROG BARE KARNACHE NAVIN SHATRA
250 _a2
260 _aSANGALI
_bN.D.
_c1911
300 _a100
650 _aAYUCHDE KIVA SHATRPRAYOG YAVACUN ROG BARE KARNACHE NAVIN SHATRA
999 _c496949
_d496949